00430nam a22001097a 4500008004100000040005500041080002100096245011100117260006800228300001000296650001400306230406b |||||||| |||| 00| 0 eng d aNational Science LibrarycNational Science Library a061.62CECRI bN8 aCECRI golden jubilee souvenir: bFifty golden years 1948-98 c/ Central Electrochemical Research Institute aKaraikudi: bCentral Electrochemical Research Institute, c1998 a224p. aReference